| 000 | 00429nam a2200157Ia 4500 | ||
|---|---|---|---|
| 008 | 241217s9999||||xx |||||||||||||| ||und|| | ||
| 020 |
_a9780313290190 _c388 |
||
| 040 |
_beng _cSSK Library _erda |
||
| 082 | _a016.9737 WOO | ||
| 245 | 4 | _aThe American Civil War | |
| 260 |
_b Greenwood Press _c©1996 |
||
| 700 | _a Steven E. Woodworth - | ||
| 942 |
_2Dewey Decimal Classification _cBOOK _nNo |
||
| 999 |
_c22632 _d22632 |
||
| 003 | OSt | ||
| 005 | 20241217112843.0 | ||